=LDR 00000nam 2200000 4500 =001 INLIS000000000026872 =005 20130612125305 =008 ***********************************ind** =035 ##$$0010-061300000026872 =041 ##$$a ind =082 ##$$a 510.7 =090 ##$$a 510.7, ID p =100 ##$$a Idel, Antoni =245 ##$$a Pintar Matematika SMA untuk kelas 1,2,3, oleh Antoni Idel, Rudy Hariyono =260 ##$$a 2005 $b Surabaya =300 ##$$a 320 hlm., ilus., 20 cm =650 ##$$a Matematika =650 ##$$a Studi dan Pengajaran =700 ##$$a Hariyono, Rudy =850 ##$$a NBPNMAT